[Event "New York op"]
[Site "New York"]
[Date "1998.03.20"]
[Round "7"]
[White "Epishin, Vladimir"]
[Black "Ziatdinov, Raset"]
[Result "1-0"]
[WhiteElo "2590"]
[BlackElo "2515"]
[Annotator "Hansen,LB"]
[PlyCount "89"]
[EventDate "1998.03.16"]
[EventType "swiss"]
[EventRounds "9"]
[EventCountry "USA"]
[SourceTitle "CBM 064"]
[Source "ChessBase"]
[SourceDate "1998.06.02"]
[SourceVersion "1"]
[SourceVersionDate "1998.06.02"]
[SourceQuality "1"]

1. d4 d5 2. c4 e6 3. Nc3 Nf6 4. Nf3 Be7 5. Bf4 O-O 6. e3 c5 7. dxc5 Bxc5 8. a3
Nc6 9. Rc1 $5 {An interesting alternative to the more common 9. Qc2.} d4 (9...
dxc4 10. Bxc4 Qxd1+ 11. Rxd1 a6 12. Bd3 Rd8 13. Na4 Ba7 14. Bc7 Rd7 15. Bb6 Nd5
16. Bxa7 Rxa7 17. Bc4 b5 18. Bxd5 Rxd5 19. Rxd5 exd5 20. Nc3 $14 {Sakaev,
K-Kholmov,R/Moscow/1998/}) (9... Re8 10. cxd5 exd5 11. Be2 Be6 12. O-O Be7 13.
Nd4 $14 Rc8 $4 14. Nxc6 {1-0, Gurevich,M-San Segundo,P/New York open/1998/})
10. exd4 (10. Nxd4 $6 e5 $1 11. Nb3 (11. Nxc6 Qxd1+ 12. Rxd1 exf4 $132) 11...
Bxa3 12. Qxd8 Rxd8 13. bxa3 exf4 14. exf4 Be6 $13 {1/2-1/2, Relange,E-Marciano,
D/Belfort/1997/}) 10... Nxd4 11. Be2 Qe7 (11... Nxe2 12. Qxe2 $14) 12. b4 Rd8
13. Bd2 (13. bxc5 $4 Nxf3+ $19) 13... Nxf3+ (13... Nxe2 14. Qxe2 $14) 14. Bxf3
Bd4 15. O-O e5 16. Qc2 Be6 17. c5 $14 Bg4 $6 {I don't like this, as it allowes
the white N access to d6.} (17... a6 $5) 18. Bxg4 Nxg4 19. Ne4 $1 h6 20. h3 Nf6
21. Nd6 Qd7 22. Be3 $1 Ne8 23. Nc4 Qc6 24. Rfe1 b6 $2 {Must be a
miscalculation.} (24... Rac8 $16) 25. Bxd4 exd4 26. Ne5 $1 Qd5 $2 (26... Qf6
$142 $16) 27. cxb6 $18 {[%cal Ye5c6,Yc6e7]} d3 (27... axb6 28. Nc6 Rd7 29. Ne7+
$18) 28. Qd2 Nd6 (28... axb6 29. Nc6 $18) 29. Nc6 Nc4 30. Ne7+ Kf8 31. Qf4 $1
Qg5 32. Rxc4 d2 33. Rd1 Qxf4 34. Rxf4 Kxe7 35. Re4+ Kf6 36. bxa7 Rxa7 37. Re3
$18 Rc7 38. Kf1 Rc2 39. Ke2 Ra2 40. Rf3+ Kg6 41. Rd3 Re8+ (41... Rxd3 42. Kxd3
Rxa3+ 43. Kc4 Ra2 44. Kb3 $18) 42. Kf3 Ra8 43. Ke3 Re8+ (43... R8xa3 44. Rxa3
Rxa3+ 45. Kd4 Ra2 (45... Rb3 46. Kc4 Rb2 47. Kc3 $18) 46. Kc3 $18) 44. Kd4 Re2
45. Kc4 {>< Ra2} 1-0

[Event "Tilburg"]
[Site "Tilburg"]
[Date "1994.??.??"]
[Round "3"]
[White "Tukmakov, Vladimir B"]
[Black "Lputian, Smbat G"]
[Result "0-1"]
[WhiteElo "2565"]
[BlackElo "2590"]
[Annotator "Hansen,LB"]
[PlyCount "116"]
[EventDate "1994.09.??"]
[EventType "k.o."]
[EventRounds "7"]
[EventCountry "NED"]
[SourceTitle "CBM 044"]
[Source "ChessBase"]
[SourceDate "1995.02.01"]
[SourceVersion "1"]
[SourceVersionDate "1995.02.01"]
[SourceQuality "1"]

1. d4 {Ftacnik} e6 2. Nf3 d5 3. c4 Nf6 4. Nc3 Be7 5. Bf4 O-O 6. e3 c5 7. dxc5
Bxc5 8. a3 Nc6 9. Qc2 Qa5 10. Nd2 $5 Bb4 $1 (10... Be7 $6 11. Bg3 $1 Bd7 12.
Be2 Rac8 (12... Rfd8 $6 13. O-O a6 14. b4 Qb6 15. c5 Qa7 16. Na4 $16 {Hansen,
LB -Andersen,P/Denmark/1993/}) (12... Qb6 13. O-O d4 14. Na4 Qd8 15. b4 Rc8 16.
Nb2 $16 {Hansen,LB -"Deep Blue"/Copenhagen/1993/}) (12... Rfc8 13. O-O Qd8 14.
Rad1 d4 15. Nb5 dxe3 16. fxe3 Qb6 17. Qd3 Be8 18. b4 $16 {Tukmakov,V - Simon,
RA/Bern/1991/})) 11. cxd5 exd5 12. Bd3 (12. Rc1 $5 {Ftacnik}) 12... d4 13. O-O
$1 Bxc3 14. Nc4 Qh5 15. bxc3 Nd5 $5 $146 (15... dxe3 16. Nxe3 Bd7 (16... Be6
17. Rab1 Nd5 18. Rb5 $1 Rfd8 19. c4 Nd4 20. Qb2 Nxb5 21. cxd5 Bxd5 22. Bxb5 $16
{Kortchnoi,V -Beliavsky,A/Amsterdam/1990/}) 17. Rab1 $1 Ne5 $2 18. Be2 Neg4 19.
Nxg4 Bxg4 20. Rb5 $1 Nd5 21. Rxd5 Qxd5 22. Bxg4 $18 {Dreev,A -Ravi,L/Calcutta/
1992/}) 16. Bg3 (16. Bd6 $2 Rd8 17. cxd4 b5 18. Ne5 Rxd6 19. Nxc6 Rh6 $17 {
Lputian}) 16... dxe3 17. Rae1 $1 Be6 (17... exf2+ 18. Rxf2 $44) 18. fxe3 (18.
Nxe3 $5 $146 h6 $1 19. Nc4 Rad8 20. Nd6 b6 $13 {Hansen,LB -Lalic,B/Moskva OL/
1994/}) 18... Rad8 19. Nd6 (19. e4 {Ftacnik} Nde7 $13) 19... Ne5 $1 (19... b6)
20. Bf5 (20. Nxb7 $5) (20. Nxb7 $1 {Ftacnik} Nxd3 21. Qxd3 Rd7 22. Qb5 (22. Nc5
Nf4 23. Qb5 Nd3 $19) 22... Qg4 $1 $132) 20... Rxd6 21. Bxe5 Rdd8 (21... Rc6 {
Ftacnik} 22. e4 $14) 22. e4 Ne7 23. Bd4 (23. Bxe6 $6 Qxe5 $1 $17) (23. Re3 {
Ftacnik} Ng6 24. Bd4 b6 $13) 23... Bxf5 24. exf5 Nc6 25. Qf2 (25. f6 $5) 25...
Nxd4 26. cxd4 Qg5 (26... f6 $5) 27. Re5 (27. f6 $6 $15 {Ftacnik}) 27... Rd7 28.
Rfe1 h6 29. h3 Rfd8 $15 30. Re8+ (30. Qe3 {Ftacnik} Qxe3+ 31. R1xe3 Rxd4 32.
Re8+ Kh7 33. Rxd8 Rxd8 34. Re7 $10) 30... Rxe8 31. Rxe8+ Kh7 32. Kh2 Qf6 33.
Re5 $2 (33. Re4) (33. Re4 {Ftacnik}) 33... Qd6 $1 34. Qg3 Qxd4 $17 35. Re8 Qf6
36. Re5 b6 37. a4 Rd3 $1 38. Qf4 (38. Qxd3 {Ftacnik} Qxe5+ 39. Kh1 Qa1+ 40. Kh2
Qxa4 $19) 38... Qd6 39. f6 (39. Re4 {Ftacnik} Qxf4+ 40. Rxf4 $17) 39... gxf6
40. Qf5+ Kh8 41. Qc8+ Kg7 42. Qg4+ Kf8 43. Qc8+ Qd8 $19 44. Qxd8+ Rxd8 45. Rh5
Re8 46. Rxh6 (46. a5 $2 {Ftacnik} Re5 $19) 46... Re4 47. Rxf6 (47. a5 $2 {
Ftacnik} Kg7 48. Rh5 Re5 $19) 47... Rxa4 48. Kg3 (48. g4 {Ftacnik} b5 $19)
48... b5 49. Kf3 b4 50. Ke3 Ra3+ 51. Kd4 (51. Kd2 {Ftacnik} Ra2+ 52. Kc1 Rxg2
53. Ra6 Rh2 $19) 51... a5 52. Rb6 b3 53. Kc3 a4 54. Rb4 Ra2 55. h4 f5 56. g3
Rc2+ 57. Kd3 Rc1 58. Kd2 Rg1 0-1

[Event "Hoogovens"]
[Site "Wijk aan Zee"]
[Date "1997.01.19"]
[Round "2"]
[White "Van Wely, Loek"]
[Black "Short, Nigel D"]
[Result "0-1"]
[WhiteElo "2645"]
[BlackElo "2690"]
[Annotator "Hecht,H"]
[PlyCount "142"]
[EventDate "1997.01.18"]
[EventType "tourn"]
[EventRounds "13"]
[EventCountry "NED"]
[EventCategory "16"]
[SourceTitle "CBM 057"]
[Source "ChessBase"]
[SourceDate "1997.04.01"]
[SourceVersion "1"]
[SourceVersionDate "1997.04.01"]
[SourceQuality "1"]

1. d4 Nf6 2. c4 e6 3. Nf3 d5 4. Nc3 Be7 5. Bf4 O-O 6. e3 c5 7. dxc5 Bxc5 8. a3
Nc6 9. Qc2 Qa5 10. O-O-O Be7 11. g4 dxc4 12. Bxc4 e5 13. g5 exf4 14. gxf6 Bxf6
15. Nd5 Ne7 16. Nxf6+ gxf6 17. Rhg1+ Kh8 18. e4 b5 19. Bd5 Nxd5 20. exd5 b4 21.
axb4 Qa1+ 22. Kd2 Qa6 23. Qc6 Rd8 24. Kc3 Bb7 25. Qxa6 Bxa6 26. Rd4 Rac8+ 27.
Kd2 Bb7 28. Rc1 Rxc1 29. Kxc1 Kg7 30. Ne1 Rxd5 31. Rxd5 Bxd5 {[#] Doppel-
gegen Tripelbauer; starker Läufer bei offener Stellung; unklarer Spielverlauf.
Analyse erforderlich.  Interssantes Schlußspiel mit S+B gegen L+B Deshalb eine
Endspielmedaille} 32. Nd3 f3 33. Kd2 Bc6 34. Nf4 f5 35. h4 Kf6 36. Ke3 Ke5 37.
Nd3+ Kd5 38. Kf4 Ba4 39. Ne5 f6 40. Nxf3 Bc2 41. Nd2 Bd3 (41... Kd4 $5) 42. Ke3
Bc2 43. f3 Ke5 44. Nc4+ Kd5 45. Na5 (45. Nd2) 45... Ba4 46. b3 Bb5 47. Kf4 Kd4
48. Kxf5 Kc3 49. f4 Kxb4 50. Nb7 Bc6 51. Nd8 Bd5 52. Kxf6 Kxb3 53. Ke5 Kc4 54.
f5 a5 55. f6 a4 56. Nc6 (56. Ne6 a3 57. f7 a2 58. f8=Q a1=Q+ 59. Kf5 (59. Kd6
Qa6+ $19) 59... Qb1+ 60. Kf6 Qg6+ $19) 56... Bg8 57. Ne7 Bf7 58. Nf5 a3 59.
Nd6+ Kc5 60. Nxf7 a2 61. Ng5 a1=Q+ 62. Ke6 Qa6+ 63. Ke7 Qb7+ 64. Ke6 h6 65. f7
Qc8+ 66. Ke7 hxg5 67. hxg5 Qb7+ 68. Kf8 (68. Kf6 Qb2+ (68... Qb8 $2 69. Kg7
Qe5+ 70. Kg8 Qxg5+ 71. Kh8 Qh6+ 72. Kg8 Qg6+ 73. Kh8 $11) 69. Ke7 Qg7 70. g6
Kd5 71. Ke8 Ke6 $19) 68... Kd6 69. Kg8 Qd5 70. g6 Ke7 71. Kh7 Qd8 0-1

[Event "Schuhplattler Veterans-Ladies"]
[Site "Munich"]
[Date "2000.07.14"]
[Round "9"]
[White "Galliamova, Alisa"]
[Black "Bouwmeester, Hans"]
[Result "1-0"]
[WhiteElo "2526"]
[BlackElo "2414"]
[Annotator "Hecht,H"]
[PlyCount "105"]
[EventDate "2000.07.04"]
[EventType "schev"]
[EventRounds "10"]
[EventCountry "GER"]
[SourceTitle "CBM 078"]
[Source "ChessBase"]
[SourceDate "2000.10.18"]
[SourceVersion "1"]
[SourceVersionDate "2000.10.18"]
[SourceQuality "1"]

1. Nf3 d5 2. d4 Nf6 3. c4 e6 4. Nc3 Be7 5. Bf4 O-O 6. e3 c5 7. dxc5 Bxc5 8. a3
Nc6 9. cxd5 Nxd5 10. Nxd5 exd5 11. Bd3 h6 12. O-O Bd6 13. Qa4 Be6 14. Rfd1 a6
15. Rac1 b5 16. Qc2 Rc8 17. Bxd6 Qxd6 18. Qd2 Ne5 19. Be2 Rxc1 20. Rxc1 Rd8 21.
Nxe5 Qxe5 22. Rc6 Bc8 23. Qd4 Qxd4 24. exd4 Kf8 25. Bf3 Ke7 26. Rc7+ Ke6 27.
Kf1 a5 28. Ke1 Bd7 29. Ra7 a4 30. Ra6+ Ke7 31. Ra7 Kd6 32. Kd2 Kc6 33. Ra6+ Kc7
34. Bxd5 Be8 35. Bxf7 Kb7 36. Re6 Bxf7 37. Re7+ Kc6 38. Rxf7 Rxd4+ {Thema:
gegenseitige Behinderung von schwarzem Turm und Zentralkönig. Leichte
Realisierung des weißen Mehrbauern.} 39. Kc3 Rc4+ 40. Kd3 Rg4 41. g3 Kc5 42. f4
Rg6 43. f5 Rd6+ 44. Kc3 g6 45. g4 Rc6 46. h4 Kd5+ 47. Kd3 Rb6 (47... Rd6 48.
fxg6 Rxg6 49. Rf5+ Ke6 50. Rxb5 Rxg4 51. Rb4 Rg3+ 52. Kc4 $18 {[%csl Ra4][%cal
Rc4b5]}) 48. g5 hxg5 49. hxg5 Ke5 (49... gxf5 50. Rxf5+ $18 {[%csl Rb6][%cal
Rf5f6]}) 50. fxg6 b4 (50... Rxg6 51. Rb7 $18 {[%csl Rb5,Gg5]}) 51. g7 Rg6 52.
axb4 Rxg5 53. b5 1-0

[Event "MK Cafe Cup-A"]
[Site "Koszalin"]
[Date "1999.08.13"]
[Round "10"]
[White "Epishin, Vladimir"]
[Black "Slobodjan, Roman"]
[Result "1-0"]
[WhiteElo "2657"]
[BlackElo "2550"]
[Annotator "Hecht,H"]
[PlyCount "111"]
[EventDate "1999.08.03"]
[EventType "swiss"]
[EventRounds "9"]
[EventCountry "POL"]
[SourceTitle "CBM 073"]
[Source "ChessBase"]
[SourceDate "1999.12.01"]
[SourceVersion "1"]
[SourceVersionDate "1999.12.01"]
[SourceQuality "1"]

1. d4 d5 2. c4 e6 3. Nc3 Be7 4. Nf3 Nf6 5. Bf4 O-O 6. e3 c5 7. dxc5 Bxc5 8. a3
Nc6 9. Rc1 Bd6 10. cxd5 exd5 11. Bxd6 Qxd6 12. Be2 Be6 13. O-O Rfd8 14. Nb5 Qe7
15. Nbd4 Rdc8 16. h3 a6 17. Qa4 Nxd4 18. Qxd4 Rc7 19. Rxc7 Qxc7 20. Bd3 Rc8 21.
Rd1 h6 22. Nd2 Qc5 23. Qxc5 Rxc5 24. Nb1 Ne4 25. f3 Nd6 26. Kf2 Rc8 27. Nc3 Nc4
28. Bxc4 dxc4 29. Rd6 Kf8 30. e4 Ke7 31. Rb6 Rc7 32. f4 f6 33. Ke3 Rd7 34. f5
Rd3+ 35. Kf4 Bc8 36. a4 a5 37. Nd5+ Ke8 38. Rb5 Rd2 39. Ne3 Rd4 40. Rxa5 Bd7
41. Rd5 Rxd5 42. exd5 {[#] Der aktive weiße König entscheidet.} Bxa4 43. Ke4
Kd7 44. Kd4 Bb3 (44... b5 45. Kc5 $18 {gestaltet das Ganze zu einem
Bauernendspiel, da der Läufer über keinen vernünftigen Zug verfügt.}) 45. Nxc4
Bc2 46. Ne3 Bb1 47. g4 Kc7 48. b4 Kd6 49. b5 Kc7 50. Nc4 Bc2 (50... b6 51. d6+
Kd7 52. Nxb6+ Kxd6 53. Nd5 Bc2 54. Nf4 $18 {[%csl Rg7][%cal Rf4h5]}) 51. b6+
Kd7 52. Na5 Kc8 53. Kc5 Be4 54. Kd6 Bg2 55. Ke6 h5 (55... Bxh3 56. d6 Bg2 57.
Ke7 $18) (55... Bf3 56. d6 Kd8 57. d7 Bg2 58. Kd6 Bf3 59. Nb3 $18 {[%cal Rb3c5,
Rc5e6]}) 56. gxh5 1-0

[Event "Rostock GM"]
[Site "Rostock"]
[Date "2002.08.28"]
[Round "4"]
[White "Naumann, Alexander"]
[Black "Baramidze, David"]
[Result "1-0"]
[WhiteElo "2507"]
[BlackElo "2351"]
[Annotator "Hecht,H"]
[PlyCount "129"]
[EventDate "2002.08.25"]
[EventType "tourn"]
[EventRounds "9"]
[EventCountry "GER"]
[EventCategory "8"]
[SourceTitle "CBM 091"]
[Source "ChessBase"]
[SourceDate "2002.11.12"]
[SourceVersion "1"]
[SourceVersionDate "2002.11.12"]
[SourceQuality "1"]

1. d4 d5 2. c4 e6 3. Nc3 Be7 4. Nf3 Nf6 5. Bf4 O-O 6. e3 dxc4 7. Bxc4 c5 8. O-O
Nc6 9. dxc5 Bxc5 10. a3 a6 11. b4 Be7 12. Qe2 Nh5 13. Rac1 b5 14. Bd3 Nxf4 15.
exf4 g6 16. Be4 Bb7 17. Rfd1 Qe8 18. Ne5 Rd8 19. Rxd8 Nxd8 20. Rd1 Bf6 21. Bxb7
Nxb7 22. Nd7 Bxc3 23. Nxf8 Qxf8 24. Qf3 Bb2 25. Qxb7 Bxa3 26. Qxa6 Qxb4 27. g3
Qb3 28. Qa8+ Kg7 29. Rd7 Bf8 30. Qa1+ Kg8 31. h3 Bg7 32. Qa7 Qb1+ 33. Kh2 Qc2
34. Rc7 Bc3 35. Qc5 h5 36. Rb7 Qd2 37. Qe3 b4 38. Qxd2 Bxd2 39. Kg2 Kg7 40. Kf3
Bc3 41. Ke4 Be1 42. Ke3 Kf6 43. Ke2 Bc3 44. f3 e5 45. Rb6+ Ke7 46. fxe5 Bxe5
47. f4 Bc3 48. Kf3 Be1 49. Rb5 Kf6 50. Rc5 Bc3 51. Ke4 Be1 52. Rc6+ Ke7 53. g4
hxg4 54. hxg4 {[#] Schwarz sollte seine Bauern am Königsflügel konsequent auf
den weißen Feldern halten und tauschen, wenn es Weiß anbietet. Der Läufer
steht je nach Bedarf auf c3 oder d2.} f6 $5 55. Rb6 Bd2 56. Rb7+ Ke6 57. Rb6+
Ke7 58. Ra6 Kf7 59. Ra2 Bc3 60. Kd5 f5 $2 (60... Kg7 $1 61. Ke6 Kg8 (61... b3
$2 62. Ra7+ Kg8 63. Rb7 b2 64. Kd5 Bd2 65. Ke4 Bc1 66. f5 $18) (61... Kh6 $2
62. Kf7 $18)) 61. Ra7+ $1 Ke8 (61... Kf6 $4 62. g5#) (61... Kg8 62. gxf5 gxf5
63. Ke6 b3 64. Kxf5 b2 65. Rb7 $18 {[%cal Rf5e6,Rf4f5,Rf5f6]}) 62. Ke6 Kd8 63.
g5 Kc8 64. Kf7 Kb8 65. Rd7 1-0

[Event "Cutro 05th"]
[Site "Cutro"]
[Date "1999.04.28"]
[Round "7"]
[White "Krasenkow, Michal"]
[Black "Zontakh, Andrey"]
[Result "1-0"]
[WhiteElo "2643"]
[BlackElo "2530"]
[Annotator "Hecht,H"]
[PlyCount "127"]
[EventDate "1999.04.??"]
[EventType "tourn"]
[EventRounds "11"]
[EventCountry "ITA"]
[EventCategory "10"]
[SourceTitle "CBM 071"]
[Source "ChessBase"]
[SourceDate "1999.08.01"]
[SourceVersion "1"]
[SourceVersionDate "1999.08.01"]
[SourceQuality "1"]

1. c4 Nf6 2. Nf3 e6 3. Nc3 d5 4. d4 Be7 5. Bf4 c5 6. dxc5 Na6 7. g3 O-O 8. cxd5
Nxd5 9. Nxd5 exd5 10. Bg2 Nxc5 11. O-O Bf5 12. Nd4 Be4 13. Bh3 Qb6 14. b3 Ne6
15. Be3 Nxd4 16. Bxd4 Bc5 17. Bxc5 Qxc5 18. Rc1 Qa5 19. Ra1 Qb6 20. e3 Rfd8 21.
Qd4 Qxd4 22. exd4 a5 23. Rac1 Rd6 24. Rc7 Rb6 25. f3 Bg6 26. Bd7 Kf8 27. Kf2 f6
28. Rfc1 Rd8 29. f4 Rd6 30. Bc8 b6 31. Ra7 Be8 32. Rcc7 Rc6 33. Rxc6 Bxc6 {
[#] passive schwarze Figuren, schlechte schwarze Königsposition,
Bauernschwächen. Finale: aufregendes Freibauernrennen} 34. Be6 Be8 35. f5 h5
36. h3 g6 37. g4 hxg4 38. hxg4 gxf5 39. gxf5 Rd6 40. Ke3 Bh5 41. Kd3 Be8 42.
Ke3 Bh5 43. Kf4 Be8 44. a3 Bh5 45. b4 axb4 46. axb4 b5 47. Rc7 Be8 48. Rc5 Ra6
49. Rxd5 Ra4 50. Rd6 Rxb4 51. Ke4 Ra4 52. Bb3 Ra3 53. Bd5 Kg7 54. Rd8 Bh5 55.
Be6 Bf3+ 56. Kf4 b4 57. d5 Rd3 58. d6 b3 59. d7 b2 {[#]} 60. Ba2 {[%cal Rd8g8]}
(60. Rb8 Bc6 $11) 60... Bd5 (60... Kh7 61. Rb8 Rxd7 62. Kxf3 Rd2 63. Ke3 Rh2
64. Be6 {[%csl Rb2][%cal Re3d3,Rd3c3]}) 61. Bb1 Rf3+ 62. Kg4 Rf1 63. Rb8 Rxb1
64. d8=Q {[%csl Rd5][%cal Rd8h8]} 1-0

[Event "EU-chT (Men) 11th"]
[Site "Pula"]
[Date "1997.05.??"]
[Round "6.3"]
[White "Hellsten, Johan"]
[Black "San Segundo Carrillo, Pablo"]
[Result "1-0"]
[WhiteElo "2485"]
[BlackElo "2505"]
[Annotator "Hecht,H"]
[PlyCount "107"]
[EventDate "1997.05.05"]
[EventType "team-swiss"]
[EventRounds "9"]
[EventCountry "CRO"]
[SourceTitle "CBM 057 Extra"]
[Source "ChessBase"]
[SourceDate "1997.05.01"]
[SourceVersion "1"]
[SourceVersionDate "1997.05.01"]
[SourceQuality "1"]
[WhiteTeam "Sweden"]
[BlackTeam "Spain"]
[WhiteTeamCountry "SWE"]
[BlackTeamCountry "ESP"]

1. d4 d5 2. c4 e6 3. Nf3 Nf6 4. Nc3 Be7 5. Bf4 O-O 6. e3 c5 7. dxc5 Bxc5 8. a3
Nc6 9. Be2 dxc4 10. Bxc4 a6 11. O-O b5 12. Bd3 Bb7 13. Qc2 Be7 14. Rad1 Qb6 15.
e4 Nh5 16. Be3 Qc7 17. e5 Nxe5 18. Nd5 Nxf3+ 19. gxf3 Qd6 20. Nb6 Qc6 21. Bxh7+
Kh8 22. Qxc6 Bxc6 23. Be4 Bxe4 24. fxe4 Rad8 25. b4 f5 26. Bc5 Rf7 27. Bxe7
Rxd1 28. Rxd1 Rxe7 {[#] Eine Medaille für einen taktischen Patzer 
(Springergabel) in einer ansonsten ganz normalen Bauernabholzerei. Kurz vor
dem Remisziel strauchelt Schwarz} 29. Rd7 Re8 30. Ra7 fxe4 31. Rxa6 Kh7 32. Ra7
Rf8 33. Nd7 Rf3 34. Nc5 e3 35. fxe3 Rxe3 36. Kf2 Rh3 37. Nxe6 Rxh2+ 38. Kf3 Kg6
39. Nd4 Rh3+ 40. Kf2 Nf6 41. Nxb5 Ne4+ 42. Ke2 Kf6 43. Ra6+ Kf5 44. Nc7 Ke5 45.
Ra5+ Kd4 46. Ne6+ Kc4 47. Re5 Nc3+ 48. Kf1 {[#]} Nd5 $4 (48... Kb3 $11) 49.
Rxd5 $1 Rxa3 50. Rd4+ Kb5 51. Ke2 Rc3 52. Nc5 Rc2+ 53. Ke3 Rh2 54. Nd3 1-0

[Event "Beersheba 16th"]
[Site "Beersheba"]
[Date "1997.03.02"]
[Round "6"]
[White "Kantsler, Boris"]
[Black "Mikhalevski, Alexander"]
[Result "1-0"]
[WhiteElo "2495"]
[BlackElo "2470"]
[Annotator "Hecht,H"]
[PlyCount "209"]
[EventDate "1997.02.24"]
[EventType "tourn"]
[EventRounds "11"]
[EventCountry "ISR"]
[EventCategory "12"]
[SourceTitle "CBM 058"]
[Source "ChessBase"]
[SourceDate "1997.06.01"]
[SourceVersion "1"]
[SourceVersionDate "1997.06.01"]
[SourceQuality "1"]

1. d4 {Endspiel-CD} d5 2. c4 e6 3. Nc3 Be7 4. Nf3 Nf6 5. Bf4 O-O 6. e3 b6 7.
Bd3 Bb7 8. cxd5 exd5 9. O-O c5 10. Ne5 Nc6 11. Qf3 Qc8 12. Rac1 Qe6 13. Nxc6
Bxc6 14. Rfd1 Ne4 15. Bxe4 dxe4 16. Qg3 Rfd8 17. Bc7 Rd7 18. dxc5 bxc5 19. Rxd7
Qxd7 20. Rd1 Qf5 21. h3 h5 22. Rd2 h4 23. Qf4 Qxf4 24. Bxf4 a5 25. Nd5 Bd8 26.
Bd6 Bxd5 27. Rxd5 c4 28. Be5 Bb6 29. Rb5 Ra6 30. Bc3 f6 31. Rd5 Ra7 32. Rd6 Bc7
33. Rc6 a4 34. Rxc4 a3 35. bxa3 f5 36. a4 Kf7 37. Rc5 g6 38. Rc6 Bd8 39. a5
Bxa5 40. Bd4 Rb7 41. f3 Rb1+ 42. Kf2 Be1+ 43. Ke2 Bg3 44. fxe4 fxe4 45. Rf6+
Ke7 46. Rf1 Rb8 47. a4 Ra8 48. Ra1 Bc7 49. Rc1 Kd7 50. Rc4 Rf8 51. Bc3 Bg3 52.
Be1 Bxe1 53. Kxe1 {[#] Weiß gibt richtigerweise seinen starken a-Bauern für
zwei schwarze Bauern am Königsflügel, hat aber einige technische
Schwierigkeiten in dem Endspiel T+e+g vs T. Auch in dem elementar gewonnenen
Turmendspiel T+g vs T findet Weiß nicht sofort den richtigen Weg.} Re8 54. a5
Re5 55. a6 $1 (55. Ra4 $5 Kc7 56. a6 Kb8 57. a7+ Ka8 58. Ra6 g5 59. Ra4 Re7 $16
{erlaubt Schwarz Gegenspiel. Ich finde auf die Schnelle keinen Gewinn.} 60. Kd2
$6 (60. Ra5 $5 Rg7 (60... Rxa7 61. Rxg5 $18 {[%csl Re4,Rh4][%cal Rg5g4]}) 61.
Re5 g4 62. Rxe4 gxh3 63. gxh3 Rg3 64. Rxh4 Rxe3+ 65. Kf2 Ra3 66. Rh8+ (66. Rh7
Rf3+ $11) 66... Kxa7 {und remis lt. ENDSPIEL-CD, z.B.:} 67. h4 Kb6 68. Rc8 Rh3
69. Rc4 Kb5 70. Re4 Kc5 71. Kg2 Rc3 72. h5 Kd5 73. Re1 Kc6 74. Rh1 Ra3 75. h6
Ra8 76. Kg3 Kd6 77. Kg4 Ke6 78. Kg5 Kf7 $11) 60... Rd7+ 61. Kc2 Rf7 62. Ra2
Rc7+ {[%csl Re3]}) 55... Ra5 56. Rxe4 g5 57. a7 Rxa7 58. Re5 g4 59. hxg4 Ra4
60. g5 Kd6 61. Rf5 Rg4 62. Kf2 Ke6 63. Rf4 Rxg5 64. Rxh4 $18 Rg8 65. Kf3 {
Der klare Weg war:} (65. Rf4 $1 Ra8 66. g4 Ra1 (66... Rg8 67. Kf3 Ke5 68. Rf5+
Ke6 69. e4 {[%cal Rg4g5,Rf3f4,Rf5f6] und weiterem systematischen Vormarsch
aller Steine um je eine Reihe.}) 67. Kg3 {[%cal Rg4g5] und Vormarsch des
g-Bauern mit K-Unterstützung unter Aufgabe des e-Bauern. Z.B:} Rg1+ 68. Kh4
Rh1+ 69. Kg5 $18 {Diese Position ist auch ohne den Be3 leicht gewonnen. Grund:
die vertikale Absperrung des schwarzen Königs.}) 65... Ra8 66. Rh6+ Kf5 67.
Rh5+ Kg6 68. Re5 Ra1 69. g3 Kf6 70. Re8 Kf5 71. Rf8+ Kg5 72. Rg8+ Kf5 73. g4+
Kf6 74. Rf8+ Kg6 75. Rh8 Kg5 76. Rh5+ Kf6 77. Rf5+ Kg6 78. Rb5 Kf6 79. Rf5+ Kg6
80. Kf4 Rf1+ 81. Ke5 Ra1 82. e4 Ra5+ 83. Kf4 Ra1 84. Rg5+ Kf7 85. Rb5 Rf1+ 86.
Kg5 Re1 87. Rb4 Re2 88. Kf5 Rf2+ 89. Kg5 Re2 90. Ra4 Re1 91. Ra7+ Kf8 92. Kf6
Rf1+ (92... Kg8 93. Kg6 Kf8 94. g5 Rxe4 95. Ra8+ Ke7 96. Kg7 $18) 93. Kg5 (93.
Kg6 $142) 93... Re1 94. Kg6 Rxe4 95. g5 Rg4 (95... Re6+ 96. Kh7 Re1 97. Ra8+
Kf7 98. g6+ Kf6 99. Rf8+ $18) 96. Ra8+ Ke7 97. Kh6 $6 (97. Rg8 $142 {
Endspiel-CD}) 97... Kf7 98. Ra7+ (98. Z0 {Endspiel-CD} Rh4# $140) 98... Kg8 99.
Kg6 Kf8 100. Ra8+ Ke7 101. Rg8 $8 $18 Rg2 102. Kh7 Kf7 103. g6+ Kf6 104. Rf8+
Ke7 105. Rf4 {und gewinnt mit dem bekannten Brückenbau. Etwa so:} (105. Rf4
Rh2+ 106. Kg8 Rh1 107. g7 Rh2 108. Re4+ Kd7 109. Kf7 Rf2+ 110. Kg6 Rg2+ 111.
Kf6 Rf2+ (111... Rg1 112. Re5 {[%cal Re5g5]}) 112. Kg5 Rg2+ 113. Rg4) 1-0

[Event "Politiken zt"]
[Site "Munkebo"]
[Date "1998.09.10"]
[Round "1.1"]
[White "Nielsen, Peter Heine"]
[Black "Pihlajasalo, Antti"]
[Result "1-0"]
[WhiteElo "2515"]
[BlackElo "2450"]
[Annotator "Hecht,H"]
[PlyCount "77"]
[EventDate "1998.09.10"]
[EventType "k.o."]
[EventRounds "5"]
[EventCountry "DEN"]
[SourceTitle "CBM 067"]
[Source "ChessBase"]
[SourceDate "1998.11.30"]
[SourceVersion "2"]
[SourceVersionDate "1998.11.01"]
[SourceQuality "1"]

1. d4 d5 2. c4 e6 3. Nc3 Be7 4. Bf4 Nf6 5. e3 O-O 6. Nf3 c5 7. dxc5 Nc6 8. a3
Ne4 9. Nxe4 dxe4 10. Qxd8 Rxd8 11. Nd2 f5 12. Bd6 Bxd6 13. cxd6 b6 14. Rc1 Ba6
15. f4 exf3 16. Nxf3 Rxd6 17. c5 Bxf1 18. cxd6 Bxg2 19. Rf1 Bxf3 20. Rxf3 Ne5
21. Ke2 Rd8 22. Rf4 Rxd6 23. Rd4 Rxd4 24. exd4 Ng4 {[#] Freibauernrennen} 25.
Rc7 (25. h3 $5 Nf6 26. Rc8+ Kf7 27. Rc7+ Kf8 28. Rxa7) 25... Nxh2 26. Rxa7 g5
27. a4 f4 28. b4 g4 29. a5 bxa5 30. b5 g3 31. b6 f3+ 32. Kd2 f2 33. b7 f1=Q 34.
b8=Q+ Qf8 35. Qxg3+ {Es paßt alles haargenau!} Kh8 36. Qe5+ Kg8 37. Qxe6+ Kh8
38. Qe5+ Kg8 39. Qd5+ {nebst Ta8} 1-0